Most Important Events By Year (1976-2000) - Statistics

General Stats
  • This quiz has been taken 16 times
  • The average score is 5 of 25
Answer Stats
Hint Country/Year Answer % Correct
1989 Germany Fall of the Berlin Wall
87%
1978 Vatican City Pope John Paul Inaugurated
67%
1990 Germany Reunification of Germany
53%
1986 Ukraine Chernobyl Disaster
47%
1980 United States Election of Ronald Reagan
33%
1994 South Africa End of Apartheid in South Africa
33%
1979 Iran Islamic Revolution
33%
1982 Argentina The Falklands War
33%
2000 Worldwide Y2K "Millennium Bug" Scare
33%
1996 Scotland Birth of Dolly the sheep
27%
1981 United States First confirmed AIDS cases
20%
1997 China Handover of Hong Kong
20%
1991 Russia Disbanding of the Soviet Union
13%
1985 Russia Mikhail Gorbachev becomes leader
13%
1976 United States U.S. Bicentenial
13%
1992 Netherlands Signing of the Maastricht Treaty
7%
1984 India Assassination of Indira Ghandi
0%
1983 Worldwide Birth of the Internet
0%
1999 United States Columbine High School Massacre
0%
1995 United States Dayton Peace Agreement
0%
1977 Worldwide Eradication of smallpox
0%
1998 United States Founding of Google
0%
1993 United States Oslo Accord
0%
1987 United States Signing of the INF Treaty
0%
1988 Afghanistan USSR withdraws its troops from Afghanistan
0%
No matching quizzes found
Score Distribution
Percent of People with Each Score
Percentile by Number Answered
Your Score History
You have not taken this quiz